DÜNYAYI GEZİYORUM ŞİRİN BEYAZ İTALYA YALANLARI! (Record no. 1299413)

MARC details
000 -LEADER
sabit uzunluktaki kontrol alanı 00293nam a2200097Ia 4500
001 - KONTROL NUMARASI
kontrol alanı 1299413
005 - EN SON İŞLEMİN TARİH VE ZAMANI
kontrol alanı 20260417170344.0
008 - SABİT-UZUNLUKTA VERİ ÖĞELERİ--GENEL BİLGİ
sabit uzunluktaki kontrol alanı 260417s9999 xx 000 0 und d
245 #0 - ESER / YAZAR
ESER ADI DÜNYAYI GEZİYORUM ŞİRİN BEYAZ İTALYA YALANLARI!
Yazar Adı BİRSEN EKİM ÖZEN
260 ## - YAYIN, DAĞITIM, VB.
YAYIN EVİ TİMAŞ ÇOCUK YAYINLARI
Holdings
Düşüm durumu Kayıp durumu Hasar Durumu Ödünç verilmez Ana kütüphane Geçerli Kütüphane Edinilen tarih Toplam ödünç verme sayısı Barkod Son görüntüleme tarihi Fiyatın geçerli olmaya başladığı tarih Koha materyal türü
        SULTAN MESUT İLKOKULU SULTAN MESUT İLKOKULU 17.04.2026   10454164 17.04.2026 17.04.2026 Books